| 000 | nam a22 7a 4500 | ||
|---|---|---|---|
| 999 |
_c151738 _d151736 |
||
| 005 | 20191004091322.0 | ||
| 008 | 191003b mx ||||| |||| 00| 0 spa d | ||
| 020 | _a9786070276606 | ||
| 050 | 0 | 4 |
_aKGF2943 _bB37 2016 |
| 100 | 1 |
_aBarceló Rojas, Daniel A., _eautor |
|
| 245 | 1 | 0 |
_aTeoría del federalismo y del derecho constitucional estatal mexicano _c/ Daniel A. Barceló Rojas. |
| 250 | _a1a ed. | ||
| 260 |
_aMéxico : _bUniversidad Nacional Autónoma de México, Instituto de Investigaciones Jurídicas, _cc2016 |
||
| 300 |
_axxiii, 462 p. ; _c23 cm. |
||
| 490 | 0 |
_aDoctrina jurídica ; _vno. 761 |
|
| 504 | _aBibliografía : p. 439-462 | ||
| 650 | 7 |
_2lemb _aReformas constitucionales _zMéxico |
|
| 650 | 7 |
_2lemb _aGobierno federal _zMéxico |
|
| 650 | 7 |
_2lemb _aGobiernos estatales _zMéxico |
|
| 650 | 4 |
_aRelaciones estado - Gobierno local _zMéxico |
|
| 651 | 7 |
_2lemb _aMéxico _xConstituciones |
|
| 942 |
_2lcc _cLIB |
||